O medzinárodnej situácii : referát na informačnej porade predstaviteľov viekoľkých strán konanej v Poľsku koncom septembra 1947 /
Saved in:
| Main Author: | |
|---|---|
| Format: | Book |
| Language: | Slovak Russian |
| Published: |
Bratislava :
Pravda,
1947.
|
| Edition: | 1. vyd. |
| Series: | Politika medzinárodná
|
| ISBN: |
(brož.) |
| Physical Description: |
16 s. |
| Tags: |
Add Tag
No Tags, Be the first to tag this record!
|
Titul je dostupný aj v ... 

MARC
| LEADER | 00000nam a22000004a 4500 | ||
|---|---|---|---|
| 001 | 000503521 | ||
| 005 | 20160426193740.0 | ||
| 008 | 160426s1947 xo e 000 0 slo d | ||
| 020 | |a (brož.) | ||
| 040 | |a SVKKK |b slo |c SVKKK |e AACR2 | ||
| 041 | 1 | |a slo |h rus | |
| 044 | |a xo |c SK | ||
| 100 | 1 | |a Ždanov, Andrej Aleksandrovič, |d 1896-1948 |4 aut | |
| 245 | 1 | 0 | |a O medzinárodnej situácii : |b referát na informačnej porade predstaviteľov viekoľkých strán konanej v Poľsku koncom septembra 1947 / |c A. Ždanov. |
| 250 | |a 1. vyd. | ||
| 260 | |a Bratislava : |b Pravda, |c 1947. | ||
| 300 | |a 16 s. | ||
| 490 | 1 | |a Politika medzinárodná | |
| 830 | 0 | |a Politika medzinárodná | |
| 910 | |a svkkk | ||
| 998 | |a BK | ||
| 090 | |g SCKHL |k Sklad Pribinova 1. posch. |a IV.38067 |j 367291 |i 503521-10 |s Prezenčne | ||